Gyűrű mentén mozgó elektronok kölcsönhatása "csavart" fénnyel

Elmentve itt :
Bibliográfiai részletek
Szerző: Mike Péter
További közreműködők: Földi Péter (Témavezető)
Dokumentumtípus: Szakdolgozat
Megjelent: 2017
Tárgyszavak:
Online Access:http://diploma.bibl.u-szeged.hu/71448
LEADER 00672nta a2200169 i 4500
001 dipl71448
005 20180528133543.0
008 180528s2017 hu om 0|| zxx d
040 |a SZTE Diploma Repozitórium  |b hun 
041 |a zxx 
100 1 |a Mike Péter 
245 1 0 |a Gyűrű mentén mozgó elektronok kölcsönhatása "csavart" fénnyel  |h [elektronikus dokumentum] /  |c Péter Mike 
246 1 0 |a Twisted light interacting with electrons in quantum rings  |h [elektronikus dokumentum] 
260 |c 2017 
650 4 |a Természettudományok 
700 1 |a Földi Péter  |e ths 
856 4 0 |u http://diploma.bibl.u-szeged.hu/id/eprint/71448/1/2016_Mike_P%C3%A9ter_BE7QXI_SZ.pdf  |z Dokumentum-elérés